1202 1765 1484 1874 1784 1452 1916 1992 1519 1058 1878 1181 1877 1678 1465 1173 1015 1615 1937 1155 1594 1673 1412 1779 1535 1022 1041 1998 1300 1293 1482 1433 1405 1997 1536 1061 1759 1640 1398 1101 1255 1346 1328 1215 1018 1394 1976 1998 1875 1722 1145 1540 1517 1074 1598 1849 1299 1149 1538 1257 1873 1057 1478 1228 1049 1763 1733 1099 1483 1165 1349 1933 1208 1277 1446 1303 1185 1168 1417 1016 1346 1663 1083 1329 1936 1647 1508 1934 1661 1464 1744 1427 1129 1593 1992 1013 1389 1416 1437 BCNSPRNW ULIB Ver.6.0+V

เปลี่ยนเป็นภาษาไทย

Change to English
 แสดงรายละเอียดบรรณานุกรม
  กลับหน้าหลัก

Brief Record : Get Marc (ISO 2709) : E-mail record : QR code < ปิดหน้าต่าง
LEADER : 00000nam 2200000uu 4500
001    13399111573
003     ULIB
008    110701s||||||||th 000 0 tha d
020    9786117042157
050 04 BQ4570^bป563พ 2552
100 0  ปาวา
245 10 พัฒนา EQ ตามแนววิถีพุทธ /^cปาวา
260    กรุงเทพฯ :^bปราชญ์,^c2552
300    154 หน้า ;^c21 ซม
505 0  คำว่า เก็บอารมณ์ คืออะไร -- เก็บอารมณ์ ข่มอารมณ์ กับความหมายที่ต่างกัน-- ทำไมต้องมีการเก็บอารมณ์ -- อุปสรรคของการเก็บอารมณ์ -- สูตรในการเก็บอารมณ์ -- คุณสมบัติของผู้เก็บอารมณ์ -- องค์ประกอบในการเก็บอารมณ์ -- การคาดหวังล่วงหน้า จะทำให้เนิ่นช้า -- การเก็บอารมณ์ ให้ดูกายมากกว่าดูจิต -- การดูจิต คือ ดูอย่างไรไม่เกิดโทษ -- สติ เป็นทุกอย่างของชีวิต -- ยกระดับจิต -- เป็นทุกข์ต้องรู้ -- จะหลับตาหรือลืมตาก็ต้องมีสติ -- เจริญสติให้เข้าใจกรรม -- การเคลื่อนไหวคือชีวิตจริง -- เตรียมกายฝึกจิตขั้นสมบูรณ์ -- ความสุขจากการพัฒนา EQ
650  7 ความฉลาดทางอารมณ์
650  7 สติ
650  7 การปฏิบัติธรรม
945    ^p135^l0^i028923
945    ^p135^l0^i028448
995    ทศพร
999 ^a ใช้งานได้ทุกระบบ
รายการนี้ยังไม่มีแท็ก
คุณยังไม่ได้ล็อกอิน คุณสามารถมีกิจกรรมร่วมกับเว็บไซต์ได้ แต่ต้องล็อกอินก่อน ::
  ล็อกอิน

รายการสื่อสารสนเทศ

ลำดับที่ ประเภท เลขเรียก/บาร์โค้ด สถานที่ สถานะ
- ไม่พบข้อมูล -

รายการใกล้เคียง
    หัวเรื่อง [ความฉลาดทางอารมณ์]
    หัวเรื่อง [สติ]
    หัวเรื่อง [การปฏิบัติธรรม]

BibComment


ยังไม่เคยถูกคอมเมนท์

คอมเมนท์ทรัพยากรรายการนี้
  คอมเมนท์: พัฒนา EQ ตามแนววิ..


 Copyright 2026. Bcnsprnw @Library